Interpreting and negotiating licensing agreements: a guidebook for the library, research, and teaching professions
Content includes: part I understanding licensing agreements; part II making decisions about and negotiating licensing agreements
में बचाया:
| मुख्य लेखक: | |
|---|---|
| स्वरूप: | पुस्तक |
| भाषा: | Undetermined |
| प्रकाशित: |
New York
Neal-Schuman Publishers
1999
|
| विषय: | |
| टैग : |
टैग जोड़ें
कोई टैग नहीं, इस रिकॉर्ड को टैग करने वाले पहले व्यक्ति बनें!
|
| Thư viện lưu trữ: | Trung tâm Học liệu Trường Đại học Cần Thơ |
|---|
| LEADER | 00934nam a2200241Ia 4500 | ||
|---|---|---|---|
| 001 | CTU_127017 | ||
| 008 | 210402s9999 xx 000 0 und d | ||
| 082 | |a 346.73048 | ||
| 082 | |b B587 | ||
| 100 | |a Bielefield, Arlene | ||
| 245 | 0 | |a Interpreting and negotiating licensing agreements: | |
| 245 | 2 | |b a guidebook for the library, research, and teaching professions | |
| 245 | 0 | |c Arlene Bielefield and Lawrence Cheeseman | |
| 260 | |a New York | ||
| 260 | |b Neal-Schuman Publishers | ||
| 260 | |c 1999 | ||
| 520 | |a Content includes: part I understanding licensing agreements; part II making decisions about and negotiating licensing agreements | ||
| 650 | |a License agreements,Librarians,Teachers | ||
| 650 | |x Popular works | ||
| 650 | |y Handbooks, manuals, etc,Handbooks, manuals, etc | ||
| 650 | |z United States,United States,United States | ||
| 904 | |i Nguyên | ||
| 980 | |a Trung tâm Học liệu Trường Đại học Cần Thơ | ||